The Hill Karbis: (Record no. 7112)

MARC details
000 -LEADER
fixed length control field 00485nam a22001697a 4500
003 - CONTROL NUMBER IDENTIFIER
control field GBCCL
005 - DATE AND TIME OF LATEST TRANSACTION
control field 20241126110620.0
008 - FIXED-LENGTH DATA ELEMENTS--GENERAL INFORMATION
fixed length control field 180710b ||||| |||| 00| 0 eng d
040 ## - CATALOGING SOURCE
Transcribing agency GBC
082 ## - DEWEY DECIMAL CLASSIFICATION NUMBER
Classification number 307.7
Item number GOH
100 ## - MAIN ENTRY--PERSONAL NAME
Personal name Gohain, B. K.
9 (RLIN) 12595
245 ## - TITLE STATEMENT
Title The Hill Karbis:
Remainder of title A sociological study of the tribe/
Statement of responsibility, etc. B. K. Gohain
260 ## - PUBLICATION, DISTRIBUTION, ETC.
Place of publication, distribution, etc. Diphu:
Name of publisher, distributor, etc. Arunima Gohain,
Date of publication, distribution, etc. 1984
300 ## - PHYSICAL DESCRIPTION
Extent 88 p.;
Dimensions 14 x 21 cm.
650 ## - SUBJECT ADDED ENTRY--TOPICAL TERM
Topical term or geographic name entry element Karbis (Indic People) - History
9 (RLIN) 12596
942 ## - ADDED ENTRY ELEMENTS (KOHA)
Source of classification or shelving scheme Dewey Decimal Classification
Koha item type Books
Koha issues (borrowed), all copies 6
Holdings
Withdrawn status Lost status Source of classification or shelving scheme Damaged status Not for loan Home library Current Library Shelving location Date acquired Total checkouts Total renewals Full call number Barcode Date last seen Date last checked out Copy number Price effective from Koha item type
    Dewey Decimal Classification     GRACE BIBLE COLLEGE GRACE BIBLE COLLEGE North East Collection 2018-07-10 8 1 307.7 GOH 005499 2026-02-19 2026-02-18 c.1 2018-07-10 Books
© Grace Bible College Library 2025